000 00494nam a2200169Ia 4500
999 _c384
_d384
003 OSt
005 20210831142617.0
008 190216s9999||||xx |||||||||||||| ||und||
040 _coclc
082 _a297
_bALZ/K
100 _aAl Zindani, Abdul Majeed Azeez
_98737
245 0 _aKitab Tauhid Al Khalik /
_cAbdul Majeed Azeez Al Zindani
260 _bAl Mathbahathul Kaslookiya,
_aByroot:
300 _a160p
650 _aArabic
942 _cBK
_2ddc
_h297
_iALZ/K
_k297
_mALZ/K